Thirsting for the springs: (Record no. 12658)

000 -LEADER
fixed length control field 00585nam a2200181 a 4500
001 - CONTROL NUMBER
control field :::00010471$&:&@@
003 - CONTROL NUMBER IDENTIFIER
control field OkBaRHE
005 - DATE AND TIME OF LATEST TRANSACTION
control field 20000607103359.0
008 - FIXED-LENGTH DATA ELEMENTS--GENERAL INFORMATION
fixed length control field j 000 0 eng u
040 ## - CATALOGING SOURCE
Transcribing agency
100 1# - MAIN ENTRY--PERSONAL NAME
Personal name Jowett, J. H. (John Henry), 1864-1923.
245 10 - TITLE STATEMENT
Title Thirsting for the springs:
Remainder of title twenty-six weeknight meditations.
260 ## - PUBLICATION, DISTRIBUTION, ETC. (IMPRINT)
Place of publication, distribution, etc New York, NY., :
Name of publisher, distributor, etc Christian Herald
Date of publication, distribution, etc nd
300 ## - PHYSICAL DESCRIPTION
Extent 252 p. ;
Dimensions 19 cm.
650 ## - SUBJECT ADDED ENTRY--TOPICAL TERM
Topical term or geographic name as entry element Christian Life
942 ## - ADDED ENTRY ELEMENTS (KOHA)
Source of classification or shelving scheme
Koha item type Books
Copies
Date last seen Koha item type Copy number Source of classification or shelving scheme Full call number Not for loan Shelving location Damaged status Price effective from Lost status Withdrawn status Barcode Permanent Location Date acquired
2010-04-14Books1 BV 4501 .J6 General Stacks 2010-04-14  10471RHEMA Bible Training College2010-04-14